RASSEGNA DI TEOLOGIA. N. IV ANNO XXX LUGLIO AGOSTO 1989. RIVISTA PER UN AGGIORNAMENTO CRISTIANO TEORICO E PRATICO. (Record n. 319791)

Dettagli MARC
000 -LEADER
fixed length control field 01788nas a2200277Ia 4500
001 - CONTROL NUMBER
control field R200-R1716
003 - CONTROL NUMBER IDENTIFIER
control field IT-CnALBA
008 - FIXED-LENGTH DATA ELEMENTS--GENERAL INFORMATION
fixed length control field 170116c99999999xx |||||||||||| ||und||
040 ## - CATALOGING SOURCE
Original cataloging agency IT-CnALBA
Transcribing agency IT-CnALBA
041 ## - LANGUAGE CODE
Language code of text/sound track or separate title ITALIANO
999 ## - SYSTEM CONTROL NUMBERS (KOHA)
Koha Dewey Subclass [OBSOLETE] NO
100 ## - MAIN ENTRY--PERSONAL NAME
Personal name BENVENUTO EDOARDO
210 ## - ABBREVIATED TITLE
Abbreviated title RASSEGNA DI TEOLOGIA
222 ## - KEY TITLE
Key title RASSEGNA DI TEOLOGIA
245 #0 - TITLE STATEMENT
Title RASSEGNA DI TEOLOGIA. N. IV ANNO XXX LUGLIO AGOSTO 1989. RIVISTA PER UN AGGIORNAMENTO CRISTIANO TEORICO E PRATICO.
Remainder of title RIVISTA PER UN AGGIORNAMENTO CRISTIANO TEORICO E PRATICO
250 ## - EDITION STATEMENT
Edition statement 1a ed.
260 ## - PUBLICATION, DISTRIBUTION, ETC. (IMPRINT)
Place of publication, distribution, etc. ROMA
Name of publisher, distributor, etc. AVE, ANONIMA VERITA'S EDITRICE
Date of publication, distribution, etc. 1989
300 ## - PHYSICAL DESCRIPTION
Extent 96 p.
310 ## - CURRENT PUBLICATION FREQUENCY
Current publication frequency BIMESTRALE
362 ## - DATES OF PUBLICATION AND/OR SEQUENTIAL DESIGNATION
Dates of publication and/or sequential designation Fascicolo: 4 / Anno: 30 (1989)
500 ## - GENERAL NOTE
General note RICONCILIAZIONE CON DIO E CON IL MONDO. TEOLOGIA DELLA PAROLA. CONSIDERAZIONI SUL MISTERO DEL SOPRANNATURALE. CHIESA E PROFITTO. NEL MONDO IN NOME DEL SIGNORE. RECENSIONI. LIBRI IN VISIONE. FORUM ATI, ASSOCIAZIONE TEOLOGICA ITALIANA, TEOLOGIA ISTITUZIONALE E TEOLOGIA PROBLEMATICA. IL SANTO DI ANTONIO FOGAZZARO. XIII CONGRESSO NAZIONALE, PROGRAMMA E AVVERTENZE. G. GRASSO. DE MARCO P. SAINATI V. MODA A. KRAHE M. J. DI SANTE C.
501 ## - WITH NOTE
With note Società San Paolo EM - Piazza San Paolo, 14 - 12051 ALBA (CN) (non commercial uses only) ® Copyright 2017
520 ## - SUMMARY, ETC.
Summary, etc. RICONCILIAZIONE CON DIO E CON IL MONDO. TEOLOGIA DELLA PAROLA. CONSIDERAZIONI SUL MISTERO DEL SOPRANNATURALE. CHIESA E PROFITTO. NEL MONDO IN NOME DEL SIGNORE. RECENSIONI. LIBRI IN VISIONE. FORUM ATI, ASSOCIAZIONE TEOLOGICA ITALIANA, TEOLOGIA ISTITUZIONALE E TEOLOGIA PROBLEMATICA. IL SANTO DI ANTONIO FOGAZZARO. XIII CONGRESSO NAZIONALE, PROGRAMMA E AVVERTENZE. G. GRASSO. DE MARCO P. SAINATI V. MODA A. KRAHE M. J. DI SANTE C.
650 ## - SUBJECT ADDED ENTRY--TOPICAL TERM
Topical term or geographic name as entry element TEOLOGIA - SCIENZE UMANE
942 ## - ADDED ENTRY ELEMENTS (KOHA)
Koha item type RIVISTA
957 ## -
-- 1
999 ## - SYSTEM CONTROL NUMBERS (KOHA)
-- 1
Dati di copia
Withdrawn status Lost status Damaged status Not for loan Home library Current library Date acquired Total Checkouts Full call number Date last seen Price effective from Koha item type Public note
    Buone Condizioni Not For Loan ALBA - Biblioteca ALBA - Biblioteca 16/01/2017   R200-R1716 16/01/2017 16/01/2017 RIVISTA (data import: 16 gennaio 2017) - By Epidotti, Vaglietti.
CREDITS: SOCIETA' SAN PAOLO Via A.Severo, 58 - ROMA (RM) & PERIODICI SAN PAOLO SRL Via Giotto, 36 MILANO & CISF Via Giotto, 36 MILANO & EDIZIONI SAN PAOLO SRL,  Piazza Soncino, 5 CINISELLO BALSAMO (MI) -- ITALY